| 000 | 00425nam a22001697a 4500 | ||
|---|---|---|---|
| 005 | 20200319111140.0 | ||
| 008 | 200319b xxu||||| |||| 00| 0 eng d | ||
| 020 | _a9788123903897 | ||
| 041 | _aeng | ||
| 082 | _a615.11 | ||
| 100 |
_aWHO _95187 |
||
| 245 | _aTHE INTERNATIONAL PHARMOCOPOEIA:TESTS, METHODS ----FORMS(VOL-IV) | ||
| 260 |
_aNEW DELHI _bCBS _c1995 |
||
| 300 | _a343p, | ||
| 650 |
_aPHARMACY _95313 |
||
| 942 | _cBK | ||
| 999 |
_c6167 _d6165 |
||